000 00931nam a2200289 c 4500
003 BLK
005 20180420214100.0
008 180412b bul|||||r ||||||| ||bul||
010 _aKNG00007524000
020 _a954-445-233-8
_bиздат.: Христо Ботев
040 _aBLK
041 _aBUL
_cBUL
080 _aБългарска литература
_b821.163.2
_x-1
_z821.163.2-1
100 1 _aРоканов, Борис Асенов
_eпърви автор
_9251298
139 _aРоканов, Борис Асенов
_bР 80
245 1 0 _aОт Б до Р
_bСтихотворения
_cБорис Асенов Роканов.
257 _aBGR
260 София
_bХристо Ботев
_c1995
300 _a39 с.
_c20 см
380 _aX
500 _a1 000 тир.
852 _aЦб 182856
856 4 _qpdf
_u
856 4 _qpdf
_u
942 _cKNG
_n0
944 _aCR
_c15.01.2003
_kAB_DOS
944 _aED
_c15.01.2003
_k
999 _c6299
_d6299